| 000 | 00404nam a2200157 a 4500 | ||
|---|---|---|---|
| 020 | _a087901136X | ||
| 040 | _cNLM | ||
| 082 | _a572 WOR 1982 A026 Or. | ||
| 100 | 1 | 0 | _aLehninger, Albert L |
| 245 | 1 | 0 | _aPrinciples of biochemistry / |
| 260 | 0 |
_aNew York, N.Y. : _bWorth Publishers, _cc1982 |
|
| 300 |
_axxiv, 1011 p. : _bill. ; _c26 cm |
||
| 650 | 2 | _aBiochemistry | |
| 650 | 0 | _aBiochemistry | |
| 942 | _cEK | ||
| 999 |
_c13292 _d13292 |
||